| 000 | 00681nam a2200229 a 4500 | ||
|---|---|---|---|
| 001 | 771 | ||
| 005 | 20221127090022.0 | ||
| 008 | 050920s lxxua | 00100|eng d | ||
| 020 |
_a0071449086 : _cSR90.00 |
||
| 035 | _a784 | ||
| 082 | 0 | 4 |
_a658.4013 _bK32 2006 |
| 100 | 1 | _aKemp, Sid. | |
| 245 | 1 | 0 |
_aQuality management demystified / _cSid Kemp. |
| 260 |
_aNew York : _bMcGraw-Hill, _c2006. |
||
| 300 |
_axxii, 355 p. : _bill. ; _c24 cm. |
||
| 440 | 0 | _aDemystified series. | |
| 504 | _aIncludes bibl. references and index. | ||
| 650 | 4 | _aTotal quality management. | |
| 650 | 4 | _aProduct management. | |
| 650 | 4 |
_aQuality control _xStandards. |
|
| 650 | 4 | _aQuality function development. | |
| 999 |
_c771 _d771 |
||